000
00362nam a2200157Ia 4500
008
100204s9999 xx 000 0 und d
082
_b
28830
100
_a
onsZ] nhik
245
_a
प्रतिशोध
250
_a
0
260
_c
2008
300
_a
229
630
_a
प्रतिशोध
730
_a
प्रतिशोध
942
_c
BOOK
999
_c
474006
_d
474003